[Event "Turkey Cup 2020"]
[Site "Antalya-Belek"]
[Date "2020.01.26"]
[Round "1.1"]
[White "Yilmazyerli, Mert"]
[Black "Kayan, Yasar Efe"]
[Result "1-0"]
[WhiteElo "2411"]
[BlackElo "1641"]
[Annotator "NA"]
[PlyCount "51"]
[EventDate "2020.01.26"]
[EventType "swiss"]
[EventCountry "TUR"]
[SourceTitle "playchess.com"]
[Source "ChessBase"]
[SourceQuality "1"]

1. Nf3 d5 2. g3 Nf6 3. Bg2 e6 4. d4 c5 5. c4 Nc6 6. cxd5 Nxd5 7. O-O Be7 8. dxc5 Bxc5 9. Qc2 Qb6 10. a3 Bd7 11. e4 Nf6 12. b4 Bd4 13. Nxd4 Nxd4 14. Qb2 Bb5 15. Be3 Rd8 16. Re1 Ng4 17. Bxd4 Qxd4 18. Qxd4 Rxd4 19. Nc3 Bc4 20. e5 Rd3 21. Rac1 O-O 22. Re4 Rc8 23. Bf1 Rf3 24. Rxc4 Rxc4 25. Bxc4 Rxf2 26. Be2 1-0

[Event "Turkey Cup 2020"]
[Site "Antalya-Belek"]
[Date "2020.01.26"]
[Round "1.3"]
[White "Ozen, Bahadir"]
[Black "Kaynar, Mustafa Deniz"]
[Result "1-0"]
[WhiteElo "2389"]
[BlackElo "1555"]
[Annotator "NA"]
[PlyCount "79"]
[EventDate "2020.01.26"]
[EventType "swiss"]
[EventCountry "TUR"]
[SourceTitle "playchess.com"]
[Source "ChessBase"]
[SourceQuality "1"]

1. c4 g6 2. g3 Nf6 3. Nc3 Bg7 4. Bg2 O-O 5. e3 d6 6. Nge2 e5 7. O-O Re8 8. d3 c6 9. e4 Bg4 10. h3 Be6 11. b3 Qd7 12. Kh2 Nh5 13. Be3 f5 14. d4 Qe7 15. Qd2 Rf8 16. f4 exf4 17. Nxf4 Nxf4 18. Bxf4 Nd7 19. Rae1 Nb6 20. d5 cxd5 21. exd5 Qf6 22. dxe6 Qxc3 23. e7 Rfe8 24. Bxb7 Qxd2+ 25. Bxd2 Rab8 26. Bc6 Kf7 27. Bxe8+ Rxe8 28. g4 Be5+ 29. Kh1 Kf6 30. c5 dxc5 31. g5+ Ke6 32. Bf4 Nd7 33. Rxe5+ Nxe5 34. Re1 Rxe7 35. Rxe5+ Kd6 36. Rxf5+ Kc6 37. Re5 Rf7 38. Be3 Rf3 39. Kg2 Rxe3 40. Rxe3 1-0

[Event "Turkey Cup 2020"]
[Site "Antalya-Belek"]
[Date "2020.01.26"]
[Round "1.4"]
[White "Ozturk, Oguzhan"]
[Black "Yurtseven, Melih"]
[Result "0-1"]
[WhiteElo "1630"]
[BlackElo "2385"]
[Annotator "TA"]
[PlyCount "128"]
[EventDate "2020.01.26"]
[EventType "swiss"]
[EventCountry "TUR"]
[SourceTitle "playchess.com"]
[Source "ChessBase"]
[SourceQuality "1"]

1. d4 Nf6 2. Bg5 d5 3. Bxf6 exf6 4. e3 Nd7 5. g3 Nb6 6. Bg2 h5 7. Nd2 Bg4 8. Qc1 c6 9. a3 h4 10. c4 h3 11. Bf3 Bxf3 12. Ngxf3 dxc4 13. Nxc4 Be7 14. Nxb6 axb6 15. Ke2 Qd7 16. Nd2 b5 17. Qc2 O-O 18. Rhg1 f5 19. Nf3 Qe6 20. Rgc1 Bf6 21. a4 Qd5 22. Qc5 Qxc5 23. Rxc5 g6 24. Ng1 Be7 25. Rcc1 bxa4 26. Nxh3 Ra5 27. Ng1 Rfa8 28. Rab1 Rb5 29. Nf3 Bf6 30. Nd2 Ra6 31. Kd3 Rab6 32. Nc4 Ra6 33. h4 c5 34. Na3 Rb3+ 35. Rc3 Rab6 36. Rbc1 R6b4 37. Nc2 cxd4 38. exd4 Rb5 39. Ra1 Rxb2 40. Rxa4 Kg7 41. Ra1 f4 42. Rh1 fxg3 43. fxg3 Rf5 44. Ne3 Rff2 45. Nd5 Rfd2+ 46. Kc4 Rxd4+ 47. Kc5 Rxd5+ 48. Kxd5 Bxc3 49. Kc4 Be5 50. g4 b5+ 51. Kd5 Bc3 52. h5 gxh5 53. Rxh5 Rd2+ 54. Ke4 Rd4+ 55. Kf3 b4 56. Rc5 Rd6 57. Rb5 Kg6 58. Kf4 Rd4+ 59. Kg3 Rd1 60. Rb6+ Kg7 61. Kf4 Rb1 62. Ke4 b3 63. Kd3 Bf6 64. Ke2 b2 0-1

[Event "Turkey Cup 2020"]
[Site "Antalya-Belek"]
[Date "2020.01.26"]
[Round "1.5"]
[White "Koksal, Ege"]
[Black "Tutumlu, Ali"]
[Result "1-0"]
[WhiteElo "2368"]
[BlackElo "1754"]
[Annotator "NA"]
[PlyCount "97"]
[EventDate "2020.01.26"]
[EventType "swiss"]
[EventCountry "TUR"]
[SourceTitle "playchess.com"]
[Source "ChessBase"]
[SourceQuality "1"]

1. d4 d5 2. c4 dxc4 3. Nf3 c6 4. e3 Nf6 5. Bxc4 g6 6. Ne5 e6 7. O-O Bg7 8. Nc3 O-O 9. e4 b5 10. Be2 b4 11. Na4 Nxe4 12. Bf3 Bxe5 13. dxe5 Ng5 14. Be2 Qxd1 15. Rxd1 h6 16. h4 Nh7 17. Bxh6 Re8 18. h5 Nf8 19. Nc5 Nfd7 20. Ne4 Kh7 21. Bg5 Rf8 22. f4 a5 23. Nd6 Ba6 24. Bxa6 Rxa6 25. Be7 Rg8 26. Nxf7 gxh5 27. Rd6 c5 28. Ng5+ Kg6 29. Nxe6 Kf5 30. Nc7 Rxd6 31. Bxd6 Nc6 32. Nd5 Re8 33. Rc1 Nd4 34. Kf2 Ne6 35. Rh1 Nxf4 36. Nxf4 Kxf4 37. e6+ Ne5 38. g3+ Kg5 39. Bxe5 Rxe6 40. Bf4+ Kg6 41. Rc1 Rc6 42. Rc4 Kf5 43. Be3 Ke5 44. Rxc5+ Rxc5 45. Bxc5 Kd5 46. Bf8 Ke4 47. a3 b3 48. Bg7 a4 49. Bc3 1-0

[Event "Turkey Cup 2020"]
[Site "Antalya-Belek"]
[Date "2020.01.26"]
[Round "1.6"]
[White "Araboga, Mesut"]
[Black "Soylu, Suat"]
[Result "0-1"]
[WhiteElo "1627"]
[BlackElo "2329"]
[Annotator "NA"]
[PlyCount "128"]
[EventDate "2020.01.26"]
[EventType "swiss"]
[EventCountry "TUR"]
[SourceTitle "playchess.com"]
[Source "ChessBase"]
[SourceQuality "1"]

1. d4 c5 2. Nf3 cxd4 3. Nxd4 d5 4. e3 Nf6 5. c4 e5 6. Nf3 Nc6 7. cxd5 Qxd5 8. Qxd5 Nxd5 9. a3 f6 10. Bd2 Be6 11. Nc3 Nb6 12. Be2 Nc4 13. b4 a5 14. b5 Nb8 15. Bc1 Nd7 16. Na4 Be7 17. O-O Kf7 18. h3 Rac8 19. Rd1 Rhd8 20. Nd2 Ncb6 21. Nxb6 Nxb6 22. Nf3 Nd5 23. Bd2 Nc3 24. Bxc3 Rxd1+ 25. Bxd1 Rxc3 26. a4 Bb4 27. Ne1 Ke7 28. Nc2 Bc5 29. Ne1 b6 30. Nf3 Bb4 31. Ne1 e4 32. Nc2 Bc5 33. Ne1 Kd6 34. g4 g5 35. Bc2 Ke5 36. Kg2 Bb4 37. Bd1 Bd5 38. Nc2 Bc5 39. Ne1 Bc4 40. Kg1 h6 41. Kg2 Bd5 42. Kg1 Ke6 43. Bc2 Bd6 44. Rd1 Ra3 45. Rb1 Bb4 46. Ng2 Ra2 47. Bd1 Bd2 48. Kf1 Ke5 49. h4 Bc4+ 50. Be2 Bxe2+ 51. Kxe2 Bb4+ 52. Kf1 Rxa4 53. Rd1 Bd6 54. Rc1 Bc5 55. Rd1 Rb4 56. Rd8 Rxb5 57. Rh8 a4 58. Rxh6 a3 59. hxg5 a2 60. Nf4 a1=Q+ 61. Kg2 Rb1 62. Rxf6 Rg1+ 63. Kh2 Rh1+ 64. Kg3 Qg1+ 0-1

[Event "Turkey Cup 2020"]
[Site "Antalya-Belek"]
[Date "2020.01.26"]
[Round "1.7"]
[White "Kamer, Kayra"]
[Black "Acar, Kaan"]
[Result "1-0"]
[WhiteElo "2348"]
[BlackElo "1636"]
[Annotator "NA"]
[PlyCount "65"]
[EventDate "2020.01.26"]
[EventType "swiss"]
[EventCountry "TUR"]
[SourceTitle "playchess.com"]
[Source "ChessBase"]
[SourceQuality "1"]

1. g3 g6 2. h4 Nf6 3. Bg2 d5 4. d4 Bg7 5. Nh3 Bf5 6. c4 c6 7. cxd5 cxd5 8. Nc3 Nc6 9. Nf4 e6 10. h5 g5 11. h6 Bf8 12. Nh3 Bxh3 13. Rxh3 Ng8 14. e4 dxe4 15. Bxe4 Nxh6 16. Rh5 Nf5 17. d5 Ne5 18. Bxg5 Be7 19. Bxe7 Qxe7 20. dxe6 fxe6 21. g4 Qg7 22. Qa4+ Kf8 23. Bxf5 exf5 24. Rxf5+ Nf7 25. O-O-O Rc8 26. Qb4+ Kg8 27. Rd7 Qh6+ 28. Kc2 Rf8 29. Nd5 Rc8+ 30. Kb3 Qe6 31. Rfxf7 Qxf7 32. Rxf7 Kxf7 33. Qe7+ 1-0

[Event "Turkey Cup 2020"]
[Site "Antalya-Belek"]
[Date "2020.01.26"]
[Round "1.8"]
[White "Satiroglu, Kaan"]
[Black "Sevgi, Volkan"]
[Result "0-1"]
[WhiteElo "1640"]
[BlackElo "2345"]
[Annotator "NA"]
[PlyCount "84"]
[EventDate "2020.01.26"]
[EventType "swiss"]
[EventCountry "TUR"]
[SourceTitle "playchess.com"]
[Source "ChessBase"]
[SourceQuality "1"]

1. d4 Nf6 2. Bf4 g6 3. Nc3 d5 4. e3 Bg7 5. h4 a6 6. h5 Nxh5 7. Rxh5 gxh5 8. Qxh5 e6 9. Qh2 Nc6 10. Bxc7 Qe7 11. O-O-O b5 12. Nf3 Ra7 13. Bd6 Qd8 14. Bd3 Rd7 15. Bc5 Bf8 16. Bxf8 Rxf8 17. Qxh7 Qf6 18. Rh1 Bb7 19. Rh6 Qe7 20. Qg7 f6 21. Qg3 Bc8 22. Rh7 Qd6 23. Qg6+ Kd8 24. Rh8 Kc7 25. Qh6 Rxh8 26. Qxh8 Qe7 27. Qh2+ Kb6 28. Nd2 Na5 29. Be2 Bb7 30. Bg4 Ka7 31. Qh3 Rd6 32. b4 Rc6 33. bxa5 Qa3+ 34. Kd1 Qxc3 35. Bxe6 Qxc2+ 36. Ke2 Qxa2 37. Qf5 Rc2 38. Qd3 b4 39. Bf5 b3 40. e4 dxe4 41. Qe3 Rxd2+ 42. Qxd2 b2 0-1

[Event "Turkey Cup 2020"]
[Site "Antalya-Belek"]
[Date "2020.01.26"]
[Round "1.9"]
[White "Ozer, Omer Faruk"]
[Black "Akin, Bora Zubeyir"]
[Result "1-0"]
[WhiteElo "2338"]
[BlackElo "1476"]
[Annotator "NA"]
[PlyCount "91"]
[EventDate "2020.01.26"]
[EventType "swiss"]
[EventCountry "TUR"]
[SourceTitle "playchess.com"]
[Source "ChessBase"]
[SourceQuality "1"]

1. g3 Nf6 2. Bg2 e5 3. e4 Nc6 4. Nc3 Bb4 5. Nge2 O-O 6. O-O Re8 7. d3 Nd4 8. h3 Nxe2+ 9. Qxe2 c6 10. Kh2 d5 11. Nd1 Be6 12. c3 Bd6 13. Ne3 Qa5 14. Qc2 Rad8 15. Bf3 Rd7 16. g4 d4 17. Nf5 Bxf5 18. gxf5 dxc3 19. bxc3 Nd5 20. Bd2 Qd8 21. Rg1 Nf4 22. Bxf4 exf4 23. d4 c5 24. e5 Bxe5 25. dxe5 Rd2 26. Qe4 Rxf2+ 27. Rg2 Qg5 28. Rxf2 Qg3+ 29. Kh1 Qxf2 30. e6 fxe6 31. fxe6 Qg3 32. Bg2 Qxc3 33. Rf1 g5 34. Qxb7 Rxe6 35. Qa8+ Kf7 36. Qxa7+ Re7 37. Qb8 Re1 38. Bd5+ Kg7 39. Qg8+ Kh6 40. Qf8+ Kh5 41. Bf7+ Kh4 42. Qh6+ Kg3 43. Qxg5+ Kxh3 44. Qh6+ Kg3 45. Qxf4+ Kh3 46. Be6+ 1-0

[Event "Turkey Cup 2020"]
[Site "Antalya-Belek"]
[Date "2020.01.26"]
[Round "1.10"]
[White "Yalcindag, Hakan"]
[Black "Isik, Alparslan"]
[Result "0-1"]
[WhiteElo "1488"]
[BlackElo "2328"]
[Annotator "NA"]
[PlyCount "57"]
[EventDate "2020.01.26"]
[EventType "swiss"]
[EventCountry "TUR"]
[SourceTitle "playchess.com"]
[Source "ChessBase"]
[SourceQuality "1"]

1. e4 c5 2. Nf3 d6 3. d4 cxd4 4. Nxd4 Nf6 5. Nc3 a6 6. Bg5 e6 7. f4 h6 8. Bh4 Qb6 9. Nb3 Qe3+ 10. Qe2 Qxf4 11. Bg3 Qg5 12. Qd3 Nc6 13. Be2 Ne5 14. Qd4 Be7 15. O-O Nh5 16. Bxh5 Qxh5 17. Na4 Bd7 18. Nb6 Rd8 19. Nxd7 Rxd7 20. Rad1 f6 21. Qa4 Nc6 22. Rd2 O-O 23. Rfd1 Rfd8 24. Bf2 d5 25. Bb6 Re8 26. Bc5 Qe5 27. Bxe7 Rdxe7 28. Nc5 Qxb2 29. Rd3 0-1

[Event "Turkey Cup 2020"]
[Site "Antalya-Belek"]
[Date "2020.01.26"]
[Round "1.11"]
[White "Ozenir, Ekin Baris"]
[Black "Mermer, Yunus"]
[Result "1-0"]
[WhiteElo "2285"]
[BlackElo "1592"]
[Annotator "NA"]
[PlyCount "117"]
[EventDate "2020.01.26"]
[EventType "swiss"]
[EventCountry "TUR"]
[SourceTitle "playchess.com"]
[Source "ChessBase"]
[SourceQuality "1"]

1. d4 d5 2. c4 c6 3. Nf3 Nf6 4. Qc2 g6 5. Bf4 Bf5 6. Qb3 Qb6 7. e3 Bg7 8. Nbd2 Nbd7 9. h3 Ne4 10. g4 Nxd2 11. Nxd2 Be6 12. c5 Qxb3 13. axb3 f5 14. Rg1 fxg4 15. hxg4 O-O 16. Nf3 Nf6 17. Ne5 Ne4 18. Nd3 a6 19. g5 Bf5 20. f3 Nxg5 21. Rxg5 Bxd3 22. Bxd3 Bxd4 23. Ke2 Bxc5 24. Rh1 Bd6 25. Bxd6 exd6 26. f4 Kg7 27. f5 Rf6 28. fxg6 hxg6 29. Rhg1 Raf8 30. Rxg6+ Kf7 31. Rg7+ Ke6 32. Rxb7 Rf2+ 33. Kd1 Rxb2 34. Rg6+ Rf6 35. Rxf6+ Kxf6 36. Rb6 Ke5 37. Bc2 Ra2 38. Rxc6 Ra5 39. Kd2 d4 40. exd4+ Kxd4 41. Rxd6+ Kc5 42. Rf6 Ra1 43. Kc3 a5 44. Ra6 Ra2 45. Bb1 Rh2 46. Rxa5+ Kb6 47. Rf5 Rh4 48. Bd3 Kc6 49. b4 Kb6 50. Rf6+ Kc7 51. b5 Kb7 52. Bc4 Kc7 53. Kb4 Kb7 54. Kc5 Rh5+ 55. Bd5+ Kc7 56. b6+ Kc8 57. b7+ Kb8 58. Rf8+ Ka7 59. Ra8# 1-0

[Event "Turkey Cup 2020"]
[Site "Antalya-Belek"]
[Date "2020.01.26"]
[Round "1.12"]
[White "Acar, Ozgur"]
[Black "Yaran, Siar"]
[Result "0-1"]
[WhiteElo "1742"]
[BlackElo "2248"]
[Annotator "NA"]
[PlyCount "78"]
[EventDate "2020.01.26"]
[EventType "swiss"]
[EventCountry "TUR"]
[SourceTitle "playchess.com"]
[Source "ChessBase"]
[SourceQuality "1"]

1. d4 Nf6 2. c4 e6 3. a3 c5 4. d5 exd5 5. cxd5 g6 6. Nc3 Bg7 7. Nf3 O-O 8. Bg5 d6 9. e3 Bg4 10. h3 Bxf3 11. Qxf3 Nbd7 12. Bc4 a6 13. O-O b5 14. Ba2 Qe7 15. Rfd1 Rfb8 16. Qe2 c4 17. b3 Qe5 18. Bxf6 Bxf6 19. Rac1 cxb3 20. Bxb3 Nc5 21. Ba2 Qe8 22. Qd2 a5 23. Ne2 b4 24. axb4 axb4 25. Nd4 Bxd4 26. exd4 Ne4 27. Qb2 Nc3 28. Re1 Rxa2 29. Rxe8+ Rxe8 30. Qxb4 Ne2+ 31. Kh2 Nxc1 32. Qxd6 Rxf2 33. Qc6 Ree2 34. d6 Rxg2+ 35. Kh1 Rh2+ 36. Kg1 Reg2+ 37. Kf1 Rf2+ 38. Ke1 Nd3+ 39. Kd1 Rd2# 0-1

[Event "Turkey Cup 2020"]
[Site "Antalya-Belek"]
[Date "2020.01.26"]
[Round "1.13"]
[White "Eren, Ataberk"]
[Black "Pasa, Ahmet"]
[Result "1-0"]
[WhiteElo "2274"]
[BlackElo "1742"]
[Annotator "NA"]
[PlyCount "93"]
[EventDate "2020.01.26"]
[EventType "swiss"]
[EventCountry "TUR"]
[SourceTitle "playchess.com"]
[Source "ChessBase"]
[SourceQuality "1"]

1. e4 c5 2. Nf3 e6 3. d4 cxd4 4. Nxd4 Nf6 5. Nc3 d6 6. g4 a6 7. g5 Nfd7 8. h4 b5 9. a3 Bb7 10. Bg2 Qc7 11. h5 Nc6 12. g6 hxg6 13. hxg6 Rxh1+ 14. Bxh1 O-O-O 15. gxf7 Nxd4 16. Qxd4 Ne5 17. Be3 Qxf7 18. O-O-O Be7 19. a4 Nc6 20. Qd2 b4 21. Ne2 Bf6 22. Bb6 Rd7 23. Kb1 Bd8 24. Be3 a5 25. f4 Bc7 26. Bg2 Rd8 27. Rg1 Rh8 28. Bf3 Rh2 29. Bg4 Kb8 30. Qd3 e5 31. Rf1 exf4 32. Rxf4 Rh1+ 33. Bc1 Qe7 34. Qf3 Rh8 35. Rf7 Qh4 36. Rxg7 Ne5 37. Qf4 Nxg4 38. Rxg4 Qe1 39. Nd4 d5 40. Qf6 Rh1 41. Rg8+ Bc8 42. Qe6 Qxc1+ 43. Ka2 b3+ 44. Ka3 Qf4 45. Qxc8+ Ka7 46. Qa8+ Kb6 47. Qc6+ 1-0

[Event "Turkey Cup 2020"]
[Site "Antalya-Belek"]
[Date "2020.01.26"]
[Round "1.14"]
[White "Atik, Muhammed Ihsan"]
[Black "Tarlabasi, Emirhan"]
[Result "0-1"]
[WhiteElo "1585"]
[BlackElo "2274"]
[Annotator "NA"]
[PlyCount "58"]
[EventDate "2020.01.26"]
[EventType "swiss"]
[EventCountry "TUR"]
[SourceTitle "playchess.com"]
[Source "ChessBase"]
[SourceQuality "1"]

1. d4 d5 2. Nf3 Nf6 3. g3 e6 4. Bg2 Be7 5. O-O O-O 6. c4 dxc4 7. Ne5 Nc6 8. Nxc6 bxc6 9. Bxc6 Rb8 10. Nc3 Rb6 11. Qa4 Nd5 12. e4 Nb4 13. Bb5 Nd3 14. Bxc4 Rb4 15. Qc2 Nxc1 16. Nd1 Nxa2 17. Rxa2 Qxd4 18. b3 Bb7 19. Nc3 Bf6 20. Rc1 h5 21. Nb5 Qb6 22. Qe2 Qc6 23. Nxa7 Qxe4 24. Qxe4 Bxe4 25. Nb5 c6 26. Nd6 Bd5 27. Ra6 Be5 28. Bxd5 cxd5 29. Nc8 Rxb3 0-1

[Event "Turkey Cup 2020"]
[Site "Antalya-Belek"]
[Date "2020.01.26"]
[Round "1.15"]
[White "Ozsakallioglu, Okan"]
[Black "Sabahi, Cem"]
[Result "1-0"]
[WhiteElo "2272"]
[BlackElo "1604"]
[Annotator "NA"]
[PlyCount "101"]
[EventDate "2020.01.26"]
[EventType "swiss"]
[EventCountry "TUR"]
[SourceTitle "playchess.com"]
[Source "ChessBase"]
[SourceQuality "1"]

1. e4 g6 2. d4 Bg7 3. Nf3 d6 4. Nc3 c6 5. Be3 Nf6 6. Qd2 Qa5 7. Bd3 Bg4 8. Ng1 e5 9. h3 Be6 10. Nf3 Na6 11. O-O O-O 12. a3 Qc7 13. Ng5 Bd7 14. Rad1 exd4 15. Bxd4 Nc5 16. e5 Ne8 17. Bc4 Ne6 18. exd6 Qxd6 19. Bxg7 Qxd2 20. Rxd2 N8xg7 21. Rxd7 Nxg5 22. Rxb7 Rfb8 23. Rxb8+ Rxb8 24. b3 Rd8 25. Re1 Kf8 26. Re5 N5e6 27. Ra5 Rd7 28. Ne4 Ke7 29. Ra6 f5 30. Nc3 Nd4 31. Ne2 Nxc2 32. b4 Ne6 33. Bxe6 Kxe6 34. Rxc6+ Rd6 35. Rxc2 Ra6 36. Rc3 Ke5 37. f4+ Ke4 38. Kf2 h6 39. Rb3 g5 40. Re3+ Kd5 41. Re5+ Kc4 42. fxg5 hxg5 43. Ra5 Rf6 44. Rxa7 g4 45. Nf4 gxh3 46. gxh3 Kb3 47. b5 Kc4 48. a4 Kd4 49. Kf3 Kc5 50. Rc7+ Kd6 51. Rc6+ 1-0

[Event "Turkey Cup 2020"]
[Site "Antalya-Belek"]
[Date "2020.01.26"]
[Round "1.16"]
[White "Yilmaz, Cumhur"]
[Black "Dolgun, Can"]
[Result "0-1"]
[WhiteElo "1719"]
[BlackElo "2266"]
[Annotator "NA"]
[PlyCount "98"]
[EventDate "2020.01.26"]
[EventType "swiss"]
[EventCountry "TUR"]
[SourceTitle "playchess.com"]
[Source "ChessBase"]
[SourceQuality "1"]

1. d4 d5 2. Nf3 Nf6 3. Bg5 Ne4 4. Bf4 c5 5. c3 Nc6 6. e3 Qb6 7. Qb3 c4 8. Qxb6 axb6 9. Nbd2 Bf5 10. Nxe4 Bxe4 11. Nd2 Bg6 12. e4 e6 13. exd5 exd5 14. g3 Ne7 15. Be2 Bf5 16. g4 Be6 17. O-O Kd7 18. Bg3 b5 19. f4 f6 20. f5 Bf7 21. a3 Nc8 22. Rae1 Nb6 23. Bd1 Na4 24. Bxa4 bxa4 25. Nf3 Be7 26. Bf4 Ra6 27. Bc1 Bd6 28. Re2 Raa8 29. Rfe1 Rae8 30. Kg2 Rxe2+ 31. Rxe2 g6 32. Ne5+ fxe5 33. dxe5 Re8 34. e6+ Bxe6 35. fxe6+ Rxe6 36. Rc2 Re4 37. Kf3 Re1 38. Kg2 b5 39. Bg5 Bc5 40. Bh4 Re4 41. Kf3 Re3+ 42. Kf4 Rd3 43. Bf6 Ke6 44. g5 Be3+ 45. Kg4 Rd2 46. Rxd2 Bxd2 47. Bd4 Bc1 48. Bc5 Bxb2 49. Bb4 d4 0-1

[Event "Turkey Cup 2020"]
[Site "Antalya-Belek"]
[Date "2020.01.26"]
[Round "1.17"]
[White "Yilmaz, Goktan"]
[Black "Tinmaz, Kerem"]
[Result "1-0"]
[WhiteElo "2265"]
[BlackElo "1729"]
[Annotator "NA"]
[PlyCount "83"]
[EventDate "2020.01.26"]
[EventType "swiss"]
[EventCountry "TUR"]
[SourceTitle "playchess.com"]
[Source "ChessBase"]
[SourceQuality "1"]

1. e4 c5 2. Nf3 e6 3. d4 cxd4 4. Nxd4 a6 5. Bd3 Nc6 6. Nxc6 dxc6 7. O-O e5 8. a4 Nf6 9. Nd2 Bc5 10. h3 Qc7 11. Nc4 Be6 12. Qe2 h6 13. Bd2 O-O 14. a5 Bxc4 15. Bxc4 Rfd8 16. Bd3 Rd7 17. Kh1 Bd6 18. g3 Nh7 19. f4 Re8 20. f5 Be7 21. Be3 Rc8 22. Ra4 Qd8 23. h4 c5 24. b3 Nf6 25. Rg1 h5 26. Bg5 Ng4 27. Bxe7 Qxe7 28. Bc4 Rd4 29. c3 Rd6 30. Bd5 Qd7 31. c4 b5 32. axb6 Rxb6 33. Qa2 Rcb8 34. Rxa6 Rxa6 35. Qxa6 Rxb3 36. Qa2 Rf3 37. Qa8+ Kh7 38. Qf8 Rf2 39. Ra1 Qc7 40. Bxf7 Qb7 41. Bg6+ Kh6 42. Qh8# 1-0

[Event "Turkey Cup 2020"]
[Site "Antalya-Belek"]
[Date "2020.01.26"]
[Round "1.19"]
[White "Samani, Yamac"]
[Black "Karanlik, Suleyman"]
[Result "1-0"]
[WhiteElo "2259"]
[BlackElo "1575"]
[Annotator "NA"]
[PlyCount "57"]
[EventDate "2020.01.26"]
[EventType "swiss"]
[EventCountry "TUR"]
[SourceTitle "playchess.com"]
[Source "ChessBase"]
[SourceQuality "1"]

1. e4 d5 2. exd5 Qxd5 3. Nc3 Qa5 4. d4 c6 5. Nf3 Bg4 6. h3 Bh5 7. g4 Bg6 8. Ne5 Nf6 9. h4 Be4 10. f3 Bd5 11. Bd3 Qb4 12. Be3 Qxb2 13. Na4 Qb4+ 14. c3 Qa5 15. O-O b5 16. Nc5 Qxc3 17. a4 b4 18. Rc1 Qa3 19. g5 Nh5 20. f4 g6 21. Qg4 e6 22. Ra1 Qc3 23. Rfc1 Qb2 24. Ne4 Ba2 25. Qd1 Qb3 26. Qd2 Nd7 27. Nxd7 Kxd7 28. Rxa2 Be7 29. Bc4 1-0

[Event "Turkey Cup 2020"]
[Site "Antalya-Belek"]
[Date "2020.01.26"]
[Round "1.20"]
[White "Zavalsiz, Adem"]
[Black "Unat, Can Haktan"]
[Result "0-1"]
[WhiteElo "1559"]
[BlackElo "2257"]
[Annotator "NA"]
[PlyCount "92"]
[EventDate "2020.01.26"]
[EventType "swiss"]
[EventCountry "TUR"]
[SourceTitle "playchess.com"]
[Source "ChessBase"]
[SourceQuality "1"]

1. e4 e5 2. Nc3 Nf6 3. Nf3 Nc6 4. d4 exd4 5. Nxd4 Bb4 6. Nxc6 bxc6 7. Bd3 d5 8. e5 Nd7 9. Bf4 Nc5 10. O-O O-O 11. Ne2 Nxd3 12. Qxd3 f6 13. c3 fxe5 14. Bxe5 Bd6 15. Bg3 Bf5 16. Qd2 Qf6 17. Nd4 Bd7 18. a4 c5 19. Nb5 Bxg3 20. fxg3 Qc6 21. Rxf8+ Rxf8 22. Nxa7 Qa8 23. Rd1 c6 24. Nb5 cxb5 25. Qxd5+ Qxd5 26. Rxd5 Be6 27. Rxc5 bxa4 28. Ra5 Bb3 29. h4 Rd8 30. g4 h6 31. g5 hxg5 32. hxg5 Kh7 33. Kf2 Rd2+ 34. Kg3 Rxb2 35. Ra6 Rc2 36. g6+ Kh6 37. Rb6 Bd5 38. c4 Rxc4 39. Kh3 Bc6 40. g4 Kxg6 41. Kh4 Kf7 42. Kg5 Bd7 43. Rb7 Rxg4+ 44. Kh5 g6+ 45. Kh6 Kf6 46. Rb6+ Be6 0-1

[Event "Turkey Cup 2020"]
[Site "Antalya-Belek"]
[Date "2020.01.26"]
[Round "1.21"]
[White "Aydincelebi, Kagan"]
[Black "Topcuoglu, Ata"]
[Result "1-0"]
[WhiteElo "2249"]
[BlackElo "1721"]
[Annotator "NA"]
[PlyCount "61"]
[EventDate "2020.01.26"]
[EventType "swiss"]
[EventCountry "TUR"]
[SourceTitle "playchess.com"]
[Source "ChessBase"]
[SourceQuality "1"]

1. e4 d5 2. exd5 Qxd5 3. Nc3 Qa5 4. d4 Nf6 5. Nf3 Bg4 6. h3 Bxf3 7. Qxf3 c6 8. Bd2 e6 9. Ne4 Qd8 10. Nxf6+ Qxf6 11. Qb3 b6 12. Be3 Be7 13. g4 Qf3 14. Rg1 Qd5 15. c4 Qd6 16. O-O-O Nd7 17. g5 Qb4 18. Qc2 Qa5 19. Kb1 g6 20. h4 Qf5 21. Bd3 Qa5 22. h5 O-O-O 23. Be4 Nb8 24. Rd3 Rd7 25. Bf4 Rhd8 26. Be5 Bd6 27. Bxd6 Rxd6 28. Ra3 Qb4 29. Ra4 Na6 30. Rxb4 Nxb4 31. Qa4 1-0

[Event "Turkey Cup 2020"]
[Site "Antalya-Belek"]
[Date "2020.01.26"]
[Round "1.22"]
[White "Hasanoglu, Hakan"]
[Black "Kilic, Efe Mert"]
[Result "1/2-1/2"]
[WhiteElo "1554"]
[BlackElo "2247"]
[Annotator "NA"]
[PlyCount "83"]
[EventDate "2020.01.26"]
[EventType "swiss"]
[EventCountry "TUR"]
[SourceTitle "playchess.com"]
[Source "ChessBase"]
[SourceQuality "1"]

1. d4 d5 2. c4 dxc4 3. e3 Nf6 4. Bxc4 e6 5. Nf3 a6 6. a4 b6 7. O-O Bb7 8. Nc3 Bb4 9. Ne5 O-O 10. Nd3 Be7 11. b3 Nc6 12. Bb2 Nb4 13. Qe2 c5 14. dxc5 Nxd3 15. Bxd3 Bxc5 16. Rfd1 Qe7 17. Bc4 Nd7 18. Rac1 Qg5 19. e4 Ne5 20. Rc2 Nxc4 21. Qxc4 Rfd8 22. Bc1 Rxd1+ 23. Nxd1 Qg4 24. Nc3 Rc8 25. Qd3 Qh4 26. Qd7 Qe7 27. Rd2 Kf8 28. Bb2 Bb4 29. Qd4 Qc5 30. Qd7 Qc7 31. Qd4 Bc5 32. Qd3 h6 33. h3 Bb4 34. Rc2 Qd6 35. Rd2 Ke7 36. Qe2 Qc7 37. Rc2 Kf8 38. Qg4 e5 39. Qd1 Bc5 40. Nd5 Qd6 41. Rd2 Qg6 42. b4 1/2-1/2

[Event "Turkey Cup 2020"]
[Site "Antalya-Belek"]
[Date "2020.01.26"]
[Round "1.23"]
[White "Karaoglan, Doruk"]
[Black "Hatipoglu, Metin"]
[Result "1-0"]
[WhiteElo "2222"]
[BlackElo "1570"]
[Annotator "NA"]
[PlyCount "75"]
[EventDate "2020.01.26"]
[EventType "swiss"]
[EventCountry "TUR"]
[SourceTitle "playchess.com"]
[Source "ChessBase"]
[SourceQuality "1"]

1. e4 c5 2. Nc3 e6 3. g3 Nc6 4. Bg2 b6 5. d3 Bb7 6. Nh3 d6 7. O-O Qc7 8. f4 Rd8 9. f5 Nf6 10. fxe6 fxe6 11. Bg5 Be7 12. Nf4 Nd4 13. Nb5 Nxb5 14. Nxe6 Qc6 15. Nxg7+ Kd7 16. Bh3+ Kc7 17. Ne6+ Kb8 18. Nxd8 Rxd8 19. Bxf6 Bxf6 20. Rxf6 Qe8 21. c3 d5 22. Re6 Qf7 23. Qf1 Qh5 24. Qf6 Rg8 25. Qe5+ Qxe5 26. Rxe5 dxe4 27. dxe4 Nd6 28. Rd1 Nxe4 29. Bg2 Nf6 30. Bxb7 Kxb7 31. Rf1 Rg6 32. Re6 Nd5 33. Rf7+ Ka6 34. Rxg6 hxg6 35. Rg7 Ne3 36. Rxg6 Nd1 37. h4 Nxb2 38. h5 1-0

[Event "Turkey Cup 2020"]
[Site "Antalya-Belek"]
[Date "2020.01.26"]
[Round "1.24"]
[White "Mizirakci, Yucel"]
[Black "Oney, Adil Feridun"]
[Result "0-1"]
[WhiteElo "1715"]
[BlackElo "2041"]
[Annotator "NA"]
[PlyCount "104"]
[EventDate "2020.01.26"]
[EventType "swiss"]
[EventCountry "TUR"]
[SourceTitle "playchess.com"]
[Source "ChessBase"]
[SourceQuality "1"]

1. e4 c6 2. Nf3 d5 3. Nc3 dxe4 4. Nxe4 Bg4 5. h3 Bh5 6. Ng3 Bxf3 7. Qxf3 Nf6 8. c3 e6 9. d4 Be7 10. Bd3 a5 11. a4 Nbd7 12. O-O Nb6 13. Bg5 Nbd5 14. Rfe1 O-O 15. Ne4 Nxe4 16. Qxe4 g6 17. Bxe7 Qxe7 18. h4 Rad8 19. g3 Qd6 20. Qe5 b6 21. Rad1 Qxe5 22. Rxe5 Rd6 23. Bc2 Rfd8 24. Re2 Nf6 25. Ree1 Kg7 26. f3 h6 27. Kf2 Nd7 28. b3 Nf6 29. Rd3 Nd5 30. Red1 b5 31. axb5 cxb5 32. Ra1 Rc8 33. Rxa5 Nxc3 34. b4 Nd5 35. Bb1 Nxb4 36. Rb3 Rxd4 37. Rxb5 Nd5 38. Be4 Nf6 39. Ke3 Rdc4 40. Bb7 Rb8 41. g4 Rc1 42. g5 Nh5 43. R5b4 Ng3 44. Rd3 Rc7 45. Rdb3 Nf5+ 46. Kf2 Rc2+ 47. Kg1 Rd8 48. Rb1 Rdd2 49. Rg4 h5 50. Rgb4 Rg2+ 51. Kf1 Ng3+ 52. Ke1 Rg1# 0-1